000
00307nam a22001337a 4500
082
_a
158
_b
MEU/D
100
_a
MEURISSE, THIBAUT
245
_a
DOPAMINE, DETOX
246
_a
DOPAMINE, DETOX
_b
DOPAMINE, DETOX
260
_a
NEW DELHI
_b
WISDOM TREE
_c
2025
300
_a
68
650
_a
MOTIVATIONAL
942
_c
BK
999
_c
9180
_d
9180